[Event "DSJ Weihnachtsturnier U20w 2020"]
[Site "https://play.chessbase.com/en/play?room=DSJWeihnachtU20w"]
[Date "2020.12.29"]
[Round "2"]
[White "Lahne, Paula"]
[Black "Rudolph, Eva"]
[Result "0-1"]
[Termination "normal"]
[Board "5.2"]
[WhiteElo "816"]
[BlackElo "1860"]
[WhiteTeam "Schachzwerge Magdeburg 2"]
[BlackTeam "Düsseldorfer Schachklub 14/25"]
[PlyCount "96"]
[WhiteFideId "34639730"]
[BlackFideId "16200594"]
[EventRounds "7"]
[EventType "team-swiss"]
[EventDate "2020.12.29"]

1. e4 {[%emt 0:00:04]} c5 {[%emt 0:00:03]} 2. Nf3 {[%emt 0:00:04]} e6 {[%emt 0:
00:02]} 3. Bc4 {[%emt 0:00:05]} a6 {[%emt 0:00:03]} 4. Nc3 {[%emt 0:00:04]} Qc7
{[%emt 0:00:08]} 5. O-O {[%emt 0:00:03]} Nc6 {[%emt 0:00:08]} 6. d3 {[%emt 0:
00:07]} Nf6 {[%emt 0:00:04]} 7. Bg5 {[%emt 0:00:08]} Be7 {[%emt 0:00:07]} 8. d4
{[%emt 0:00:32]} cxd4 {[%emt 0:00:11]} 9. Nxd4 {[%emt 0:00:03]} O-O {[%emt 0:
00:03]} 10. Nxc6 {[%emt 0:00:05]} dxc6 {[%emt 0:00:04]} 11. Qd2 {[%emt 0:00:15]
} e5 {[%emt 0:00:06]} 12. Rad1 {[%emt 0:00:23]} b5 {[%emt 0:00:20]} 13. Be2 {
[%emt 0:00:03]} Be6 {[%emt 0:00:08]} 14. Bxf6 {[%emt 0:00:31]} Bxf6 {[%emt 0:
00:07]} 15. Bf3 {[%emt 0:01:10]} Rfd8 {[%emt 0:00:06]} 16. Qc1 {[%emt 0:00:06]}
Qe7 {[%emt 0:00:26]} 17. Ne2 {[%emt 0:00:31]} Bg5 {[%emt 0:00:15]} 18. Rxd8+ {
[%emt 0:00:12]} Rxd8 {[%emt 0:00:03]} 19. Qb1 {[%emt 0:00:05]} Qc5 {[%emt 0:01:
11]} 20. b4 {[%emt 0:00:11]} Qc4 {[%emt 0:00:10]} 21. c3 {[%emt 0:00:07]} g6 {
[%emt 0:01:12]} 22. Rd1 {[%emt 0:00:14]} Qxa2 {[%emt 0:00:55]} 23. Rxd8+ {
[%emt 0:00:21]} Bxd8 {[%emt 0:00:05]} 24. Qxa2 {[%emt 0:00:03]} Bxa2 {[%emt 0:
00:03]} 25. Nc1 {[%emt 0:00:06]} Bc4 {[%emt 0:00:02]} 26. Ne2 {[%emt 0:00:08]}
Bg5 {[%emt 0:00:05]} 27. Bg4 {[%emt 0:00:19]} Bd2 {[%emt 0:00:20]} 28. Bd7 {
[%emt 0:00:13]} Bxe2 {[%emt 0:00:05]} 29. Bxc6 {[%emt 0:00:04]} Bxc3 {[%emt 0:
00:08]} 30. Bb7 {[%emt 0:00:02]} Bxb4 {[%emt 0:00:12]} 31. Bxa6 {[%emt 0:00:03]
} Kf8 {[%emt 0:00:02]} 32. g4 {[%emt 0:00:10]} Ke7 {[%emt 0:00:07]} 33. f3 {
[%emt 0:00:04]} Kd6 {[%emt 0:00:18]} 34. Kg2 {[%emt 0:00:03]} Bc4 {[%emt 0:00:
09]} 35. h4 {[%emt 0:00:05]} Be1 {[%emt 0:00:05]} 36. h5 {[%emt 0:00:14]} Kc5 {
[%emt 0:00:09]} 37. hxg6 {[%emt 0:00:04]} hxg6 {[%emt 0:00:03]} 38. Kh3 { [%emt
0:00:06]} b4 {[%emt 0:00:03]} 39. Bb7 {[%emt 0:00:07]} b3 {[%emt 0:00:04] } 40.
Bc8 {[%emt 0:00:03]} b2 {[%emt 0:00:03]} 41. Bd7 {[%emt 0:00:09]} b1=Q { [%emt
0:00:05]} 42. Be8 {[%emt 0:00:01]} Qd3 {[%emt 0:00:08]} 43. Bxf7 { [%emt
0:00:03]} Bxf7 {[%emt 0:00:04]} 44. g5 {[%emt 0:00:12]} Be6+ {[%emt 0:00: 21]}
45. Kg2 {[%emt 0:00:07]} Qd2+ {[%emt 0:00:13]} 46. Kg1 {[%emt 0:00:15]} Qf2+
{[%emt 0:00:05]} 47. Kh1 {[%emt 0:00:02]} Bh3 {[%emt 0:00:04]} 48. f4 { [%emt
0:00:04]} Qg2# {[%emt 0:00:03]} 0-1

[Event "DSJ Weihnachtsturnier U20w 2020"]
[Site "https://play.chessbase.com/en/play?room=DSJWeihnachtU20w"]
[Date "2020.12.29"]
[Round "2"]
[White "Oswald, Lena"]
[Black "Ziegenfuß, Antonia"]
[Result "0-1"]
[Termination "normal"]
[Board "6.1"]
[BlackTitle "WFM"]
[WhiteElo "1768"]
[BlackElo "2101"]
[WhiteTeam "Schachgemeinschaft Leipzig"]
[BlackTeam "OSG Baden-Baden"]
[PlyCount "40"]
[WhiteFideId "12983314"]
[BlackFideId "12962554"]
[EventRounds "7"]
[EventType "team-swiss"]
[EventDate "2020.12.29"]

1. e4 {[%emt 0:00:04]} c5 {[%emt 0:00:02]} 2. Nf3 {[%emt 0:00:03]} e6 {[%emt 0:
00:02]} 3. d4 {[%emt 0:00:03]} cxd4 {[%emt 0:00:02]} 4. Nxd4 {[%emt 0:00:03]}
Nf6 {[%emt 0:00:01]} 5. Nc3 {[%emt 0:00:02]} Nc6 {[%emt 0:00:01]} 6. Ndb5 {
[%emt 0:00:09]} Bc5 {[%emt 0:00:01]} 7. Bg5 {[%emt 0:00:13]} O-O {[%emt 0:00:
28]} 8. f4 {[%emt 0:00:08]} h6 {[%emt 0:00:08]} 9. Bh4 {[%emt 0:00:07]} Qb6 {
[%emt 0:02:23]} 10. e5 {[%emt 0:01:07]} Nd5 {[%emt 0:01:11]} 11. Nxd5 {[%emt 0:
00:11]} exd5 {[%emt 0:00:02]} 12. Bd3 {[%emt 0:01:34]} d6 {[%emt 0:01:05]} 13.
a4 {[%emt 0:02:50] Baden2-001 reconnected.} dxe5 {[%emt 0:00:39]} 14. fxe5 {
[%emt 0:00:05]} Nxe5 {[%emt 0:00:08]} 15. a5 {[%emt 0:00:07]} Qe6 {[%emt 0:01:
24]} 16. Qe2 {[%emt 0:00:47]} Bb4+ {[%emt 0:00:34]} 17. Kd1 {[%emt 0:00:13]}
Qg4 {[%emt 0:00:40]} 18. Bg3 {[%emt 0:00:18]} Nxd3 {[%emt 0:00:16]} 19. cxd3 {
[%emt 0:00:04]} Qg5 {[%emt 0:00:10]} 20. Nc7 {[%emt 0:00:15]} Bg4 {[%emt 0:00:
02]} 0-1

[Event "DSJ Weihnachtsturnier U20w 2020"]
[Site "https://play.chessbase.com/en/play?room=DSJWeihnachtU20w"]
[Date "2020.12.29"]
[Round "2"]
[White "Visvikis, Kassandra"]
[Black "Nguyen, Jenny Ha-Linh"]
[Result "1-0"]
[Termination "normal"]
[Board "6.2"]
[WhiteElo "1610"]
[BlackElo "1368"]
[WhiteTeam "OSG Baden-Baden"]
[BlackTeam "Schachgemeinschaft Leipzig"]
[PlyCount "87"]
[WhiteFideId "36052167"]
[BlackFideId "16209729"]
[EventRounds "7"]
[EventType "team-swiss"]
[EventDate "2020.12.29"]

1. e4 {[%emt 0:00:03]} e6 {[%emt 0:00:02]} 2. d4 {[%emt 0:00:02]} d5 {[%emt 0:
00:02]} 3. Nd2 {[%emt 0:00:01]} Nf6 {[%emt 0:00:02]} 4. e5 {[%emt 0:00:01]}
Nfd7 {[%emt 0:00:01]} 5. Bd3 {[%emt 0:00:01]} c5 {[%emt 0:00:01]} 6. c3 { [%emt
0:00:01]} Nc6 {[%emt 0:00:01]} 7. Ne2 {[%emt 0:00:01]} cxd4 {[%emt 0:00: 07]}
8. cxd4 {[%emt 0:00:01]} Be7 {[%emt 0:00:06]} 9. O-O {[%emt 0:00:02]} O-O
{[%emt 0:00:02]} 10. f4 {[%emt 0:00:05]} Nb6 {[%emt 0:00:31]} 11. Nf3 {[%emt 0:
00:02]} Bd7 {[%emt 0:00:08]} 12. Be3 {[%emt 0:00:18]} Rc8 {[%emt 0:00:14]} 13.
Rc1 {[%emt 0:00:02]} Na5 {[%emt 0:00:34]} 14. b3 {[%emt 0:00:25]} Nc6 {[%emt 0:
00:13]} 15. Ng5 {[%emt 0:00:18]} h6 {[%emt 0:00:09]} 16. Nh3 {[%emt 0:00:14]}
Nb4 {[%emt 0:00:22]} 17. Bb1 {[%emt 0:00:11]} Bb5 {[%emt 0:00:22]} 18. Qd2 {
[%emt 0:00:19]} Bxe2 {[%emt 0:00:21]} 19. Qxe2 {[%emt 0:00:05]} Nc6 {[%emt 0:
00:06]} 20. Qd3 {[%emt 0:00:42]} g6 {[%emt 0:00:19]} 21. Rf3 {[%emt 0:01:12]}
Nb4 {[%emt 0:00:17]} 22. Qd1 {[%emt 0:00:13]} Nd7 {[%emt 0:00:15]} 23. g4 {
[%emt 0:00:17]} Kh7 {[%emt 0:00:23]} 24. f5 {[%emt 0:00:05]} gxf5 {[%emt 0:00:
15]} 25. gxf5 {[%emt 0:00:13]} Rg8+ {[%emt 0:00:02]} 26. Kh1 {[%emt 0:00:06]}
exf5 {[%emt 0:00:08]} 27. Bxf5+ {[%emt 0:00:03]} Kh8 {[%emt 0:00:03]} 28. Bxh6
{[%emt 0:00:27]} Nxa2 {[%emt 0:00:18]} 29. Rc2 {[%emt 0:00:41]} Nb4 {[%emt 0:
00:07] Baden2-002 reconnected.} 30. Rc1 {[%emt 0:00:23]} Rxc1 {[%emt 0:00:27]}
31. Qxc1 {[%emt 0:00:02]} Na2 {[%emt 0:00:33]} 32. Qf4 {[%emt 0:00:26]} Nb4 {
[%emt 0:00:35]} 33. Ng1 {[%emt 0:00:30]} Bg5 {[%emt 0:00:12]} 34. Bxg5 { [%emt
0:00:10]} Rxg5 {[%emt 0:00:08]} 35. Bxd7 {[%emt 0:00:15]} Qg8 {[%emt 0: 00:12]}
36. Qf6+ {[%emt 0:00:11]} Qg7 {[%emt 0:00:08]} 37. Rh3+ {[%emt 0:00:05] } Kg8
{[%emt 0:00:04]} 38. Qd8+ {[%emt 0:00:09]} Qf8 {[%emt 0:00:04]} 39. Rh8+ {[%emt
0:00:04]} Kxh8 {[%emt 0:00:05]} 40. Qxf8+ {[%emt 0:00:01]} Kh7 {[%emt 0:
00:04]} 41. Qxf7+ {[%emt 0:00:01]} Rg7 {[%emt 0:00:02]} 42. Bf5+ {[%emt 0:00:
09]} Kh8 {[%emt 0:00:04]} 43. Qf8+ {[%emt 0:00:03]} Rg8 {[%emt 0:00:01]} 44.
Qh6# {[%emt 0:00:01]} 1-0

[Event "DSJ Weihnachtsturnier U20w 2020"]
[Site "https://play.chessbase.com/en/play?room=DSJWeihnachtU20w"]
[Date "2020.12.29"]
[Round "2"]
[White "Halas, Neele Zoe"]
[Black "Nanthivarman, Merymuthu"]
[Result "1-0"]
[Termination "time forfeit"]
[Board "6.3"]
[WhiteElo "1273"]
[BlackElo "1215"]
[WhiteTeam "Schachgemeinschaft Leipzig"]
[BlackTeam "OSG Baden-Baden"]
[PlyCount "67"]
[WhiteFideId "16287282"]
[BlackFideId "16255755"]
[EventRounds "7"]
[EventType "team-swiss"]
[EventDate "2020.12.29"]

1. e4 {[%emt 0:00:02]} Nf6 {[%emt 0:00:05] Baden2-003 reconnected.} 2. e5 {
[%emt 0:00:56] Baden2-003 reconnected. Baden2-003 reconnected.} Nd5 {[%emt 0:
03:31]} 3. Bc4 {[%emt 0:00:36]} Nb6 {[%emt 0:00:08]} 4. Bb3 {[%emt 0:00:06]} g6
{[%emt 0:00:28]} 5. d4 {[%emt 0:00:06]} Bg7 {[%emt 0:00:42]} 6. Nf3 {[%emt 0:
00:10]} O-O {[%emt 0:00:10]} 7. O-O {[%emt 0:00:20]} d6 {[%emt 0:00:09]} 8.
exd6 {[%emt 0:00:14]} exd6 {[%emt 0:00:06]} 9. c3 {[%emt 0:00:18]} d5 {[%emt 0:
00:35]} 10. Bf4 {[%emt 0:00:55]} Bf5 {[%emt 0:00:14]} 11. Bc2 {[%emt 0:00:29]}
Bxc2 {[%emt 0:00:41]} 12. Qxc2 {[%emt 0:00:09]} c6 {[%emt 0:00:15]} 13. Nbd2 {
[%emt 0:00:08]} N8d7 {[%emt 0:00:33] Baden2-003 reconnected.} 14. Rfe1 { [%emt
0:00:38] Baden2-003 reconnected.} Re8 {[%emt 0:01:27]} 15. Rxe8+ { [%emt
0:00:21]} Qxe8 {[%emt 0:00:02]} 16. Re1 {[%emt 0:00:02]} Qf8 {[%emt 0:00: 05]}
17. Qb3 {[%emt 0:00:16]} Re8 {[%emt 0:00:12]} 18. Qd1 {[%emt 0:00:36]} Nf6
{[%emt 0:00:55]} 19. Rxe8 {[%emt 0:00:07]} Qxe8 {[%emt 0:00:02]} 20. Qe1 {
[%emt 0:00:02]} Qxe1+ {[%emt 0:00:02]} 21. Nxe1 {[%emt 0:00:02]} Ne4 {[%emt 0:
00:03]} 22. Nxe4 {[%emt 0:00:04]} dxe4 {[%emt 0:00:01]} 23. b3 {[%emt 0:00:04]}
Nd7 {[%emt 0:00:05]} 24. Nc2 {[%emt 0:00:05]} f5 {[%emt 0:00:08]} 25. Ne3 {
[%emt 0:00:04]} Nf6 {[%emt 0:00:01]} 26. h3 {[%emt 0:00:06]} Nd5 {[%emt 0:00:
01]} 27. Nxd5 {[%emt 0:00:04]} cxd5 {[%emt 0:00:01]} 28. Kf1 {[%emt 0:00:01]}
h6 {[%emt 0:00:04]} 29. Ke2 {[%emt 0:00:03]} g5 {[%emt 0:00:03]} 30. Bh2 {
[%emt 0:00:03]} Kf7 {[%emt 0:00:01]} 31. f3 {[%emt 0:00:05]} f4 {[%emt 0:00:03]
} 32. h4 {[%emt 0:01:01]} e3 {[%emt 0:00:02]} 33. hxg5 {[%emt 0:00:08]} hxg5 {
[%emt 0:00:01] Baden2-003 reconnected.} 34. g4 {[%emt 0:00:11] Baden2-003
reconnected. TimeB} 1-0

[Event "DSJ Weihnachtsturnier U20w 2020"]
[Site "https://play.chessbase.com/en/play?room=DSJWeihnachtU20w"]
[Date "2020.12.29"]
[Round "2"]
[White "Schulz, Helene"]
[Black "Amelang, Jamie Alice"]
[Result "1-0"]
[Termination "normal"]
[Board "6.4"]
[WhiteElo "1233"]
[BlackElo "919"]
[WhiteTeam "OSG Baden-Baden"]
[BlackTeam "Schachgemeinschaft Leipzig"]
[PlyCount "51"]
[WhiteFideId "36051250"]
[BlackFideId "34605754"]
[EventRounds "7"]
[EventType "team-swiss"]
[EventDate "2020.12.29"]

1. e4 {[%emt 0:00:04]} e5 {[%emt 0:00:03]} 2. Nf3 {[%emt 0:00:04]} Nc6 { [%emt
0:00:05]} 3. Nc3 {[%emt 0:00:02]} Nf6 {[%emt 0:00:03]} 4. d3 {[%emt 0:00: 03]}
Bc5 {[%emt 0:00:02]} 5. h3 {[%emt 0:00:04]} d6 {[%emt 0:00:03]} 6. Be2 { [%emt
0:00:03]} Be6 {[%emt 0:00:03]} 7. Bg5 {[%emt 0:00:03]} Qe7 {[%emt 0:00: 21]} 8.
Qd2 {[%emt 0:00:07]} O-O-O {[%emt 0:00:04]} 9. O-O-O {[%emt 0:00:59]} h6 {[%emt
0:00:08]} 10. Be3 {[%emt 0:00:07]} Nb4 {[%emt 0:00:21]} 11. Kb1 { [%emt
0:00:30]} Qd7 {[%emt 0:00:08]} 12. a3 {[%emt 0:00:07]} Na6 {[%emt 0:00: 27]}
13. d4 {[%emt 0:00:19]} exd4 {[%emt 0:00:15]} 14. Nxd4 {[%emt 0:00:21]} Bxd4
{[%emt 0:00:19]} 15. Bxd4 {[%emt 0:00:22]} c5 {[%emt 0:00:38]} 16. Be3 { [%emt
0:00:40]} Qc6 {[%emt 0:00:14]} 17. Bb5 {[%emt 0:00:20]} Qb6 {[%emt 0:00: 15]}
18. Qe2 {[%emt 0:00:35]} c4 {[%emt 0:00:39]} 19. Bxb6 {[%emt 0:00:09]} axb6
{[%emt 0:00:06]} 20. Bxc4 {[%emt 0:00:08]} Kb8 {[%emt 0:00:08]} 21. Bxa6 {
[%emt 0:00:17]} bxa6 {[%emt 0:00:04]} 22. Qxa6 {[%emt 0:00:02]} Rd7 {[%emt 0:
00:08]} 23. Qxb6+ {[%emt 0:00:03]} Kc8 {[%emt 0:00:08]} 24. Rxd6 {[%emt 0:00:
12]} Re8 {[%emt 0:00:32]} 25. Rc6+ {[%emt 0:00:15]} Rc7 {[%emt 0:00:06]} 26.
Qxc7# {[%emt 0:00:02]} 1-0

[Event "DSJ Weihnachtsturnier U20w 2020"]
[Site "https://play.chessbase.com/en/play?room=DSJWeihnachtU20w"]
[Date "2020.12.29"]
[Round "2"]
[White "Reich, Elisabeth"]
[Black "Fischer, Darja"]
[Result "0-1"]
[Termination "normal"]
[Board "7.1"]
[WhiteElo "1191"]
[BlackElo "1559"]
[WhiteTeam "ATSV Oberkotzau"]
[BlackTeam "Karlsruher SF 1853"]
[PlyCount "138"]
[WhiteFideId "16239776"]
[BlackFideId "16240898"]
[EventRounds "7"]
[EventType "team-swiss"]
[EventDate "2020.12.29"]

1. e4 {[%emt 0:00:04]} c5 {[%emt 0:00:02]} 2. Nf3 {[%emt 0:00:02]} a6 {[%emt 0:
00:01]} 3. d3 {[%emt 0:00:04]} b5 {[%emt 0:00:06]} 4. g3 {[%emt 0:00:02]} Bb7 {
[%emt 0:00:04]} 5. Bg2 {[%emt 0:00:02]} e6 {[%emt 0:00:02]} 6. O-O {[%emt 0:00:
04]} Be7 {[%emt 0:00:04]} 7. c3 {[%emt 0:00:04]} Nf6 {[%emt 0:00:03]} 8. Nbd2 {
[%emt 0:00:05]} O-O {[%emt 0:00:02]} 9. Re1 {[%emt 0:00:03]} d5 {[%emt 0:00:04]
} 10. Nh4 {[%emt 0:00:06]} dxe4 {[%emt 0:00:08]} 11. dxe4 {[%emt 0:00:03]} Nbd7
{[%emt 0:00:05]} 12. f4 {[%emt 0:00:04]} e5 {[%emt 0:00:29]} 13. Nf5 {[%emt 0:
00:17]} exf4 {[%emt 0:00:17]} 14. gxf4 {[%emt 0:00:03]} c4 {[%emt 0:00:24]} 15.
Nxe7+ {[%emt 0:00:09]} Qxe7 {[%emt 0:00:10]} 16. Qe2 {[%emt 0:00:05]} Nc5 {
[%emt 0:00:14]} 17. e5 {[%emt 0:00:12]} Nd5 {[%emt 0:00:05]} 18. Ne4 {[%emt 0:
00:19]} Nd3 {[%emt 0:00:19]} 19. Rf1 {[%emt 0:00:06]} Rfe8 {[%emt 0:00:45]} 20.
Qg4 {[%emt 0:00:46]} Nxc1 {[%emt 0:00:20]} 21. Raxc1 {[%emt 0:00:09]} Ne3 {
[%emt 0:00:04]} 22. Qg3 {[%emt 0:00:08]} Nxf1 {[%emt 0:00:04]} 23. Rxf1 { [%emt
0:00:03]} Bxe4 {[%emt 0:00:02]} 24. Bxe4 {[%emt 0:00:02]} Rad8 {[%emt 0:
00:06]} 25. Rf2 {[%emt 0:00:10]} Qc7 {[%emt 0:00:32]} 26. h3 {[%emt 0:00:30]}
Rd7 {[%emt 0:00:17]} 27. Rg2 {[%emt 0:00:04]} g6 {[%emt 0:00:16]} 28. Qf3 {
[%emt 0:00:11]} Ree7 {[%emt 0:00:33]} 29. h4 {[%emt 0:00:13]} Qb6+ {[%emt 0:00:
32]} 30. Kh2 {[%emt 0:00:04]} Kh8 {[%emt 0:00:07]} 31. h5 {[%emt 0:00:09]} Qe6
{[%emt 0:00:36]} 32. hxg6 {[%emt 0:00:18]} fxg6 {[%emt 0:00:06]} 33. Qg3 {
[%emt 0:00:15]} Rg7 {[%emt 0:00:14]} 34. Qh4 {[%emt 0:00:12]} Qe7 {[%emt 0:00:
17]} 35. Qh3 {[%emt 0:00:10]} Qf7 {[%emt 0:00:24]} 36. Kh1 {[%emt 0:00:59]}
Qxf4 {[%emt 0:00:26]} 37. Bc2 {[%emt 0:00:26]} Qxe5 {[%emt 0:00:22]} 38. a3 {
[%emt 0:00:44]} Rdf7 {[%emt 0:00:16]} 39. Qc8+ {[%emt 0:00:35]} Rg8 {[%emt 0:
00:07]} 40. Qh3 {[%emt 0:00:04]} Rf1+ {[%emt 0:00:07]} 41. Rg1 {[%emt 0:00:02]}
Qd5+ {[%emt 0:00:22]} 42. Qg2 {[%emt 0:00:16]} Qxg2+ {[%emt 0:00:03]} 43. Kxg2
{[%emt 0:00:02]} Rxg1+ {[%emt 0:00:01]} 44. Kxg1 {[%emt 0:00:01]} Rd8 {[%emt 0:
00:01]} 45. Be4 {[%emt 0:00:04]} Rd2 {[%emt 0:00:04]} 46. Bb7 {[%emt 0:00:02]}
a5 {[%emt 0:00:05]} 47. Ba6 {[%emt 0:00:02]} Rxb2 {[%emt 0:00:03]} 48. Kf1 {
[%emt 0:00:04]} Rb3 {[%emt 0:00:03]} 49. Ke1 {[%emt 0:00:03]} Rxc3 {[%emt 0:00:
01]} 50. Bxb5 {[%emt 0:00:02]} Rxa3 {[%emt 0:00:01]} 51. Bxc4 {[%emt 0:00:01]}
Rc3 {[%emt 0:00:02]} 52. Bb5 {[%emt 0:00:02]} Rc5 {[%emt 0:00:02]} 53. Ba4 {
[%emt 0:00:02]} Rc4 {[%emt 0:00:01]} 54. Bb5 {[%emt 0:00:01]} Rb4 {[%emt 0:00:
01]} 55. Bc6 {[%emt 0:00:02]} a4 {[%emt 0:00:01]} 56. Kd2 {[%emt 0:00:02]} a3 {
[%emt 0:00:01]} 57. Kc3 {[%emt 0:00:01]} a2 {[%emt 0:00:01]} 58. Kxb4 {[%emt 0:
00:02]} a1=Q {[%emt 0:00:01]} 59. Kc5 {[%emt 0:00:01]} Qc3+ {[%emt 0:00:03]}
60. Kd6 {[%emt 0:00:02]} Kg7 {[%emt 0:00:01]} 61. Be4 {[%emt 0:00:02]} Kf6 {
[%emt 0:00:01]} 62. Bd5 {[%emt 0:00:02]} Qe5+ {[%emt 0:00:02]} 63. Kc6 { [%emt
0:00:02]} Ke7 {[%emt 0:00:03]} 64. Bc4 {[%emt 0:00:03]} h5 {[%emt 0:00: 04]}
65. Kb6 {[%emt 0:00:04]} Kd7 {[%emt 0:00:02]} 66. Bb5+ {[%emt 0:00:02]} Kd6
{[%emt 0:00:01]} 67. Kb7 {[%emt 0:00:03]} Qxb5+ {[%emt 0:00:04]} 68. Kc8 {
[%emt 0:00:02]} g5 {[%emt 0:00:07]} 69. Kd8 {[%emt 0:00:03]} Qb8# {[%emt 0:00:
00]} 0-1

[Event "DSJ Weihnachtsturnier U20w 2020"]
[Site "https://play.chessbase.com/en/play?room=DSJWeihnachtU20w"]
[Date "2020.12.29"]
[Round "2"]
[White "Schulz, Hannah"]
[Black "Hergenröder, Cora"]
[Result "1-0"]
[Termination "normal"]
[Board "7.2"]
[WhiteElo "1539"]
[BlackElo "1489"]
[WhiteTeam "Karlsruher SF 1853"]
[BlackTeam "ATSV Oberkotzau"]
[PlyCount "105"]
[WhiteFideId "16244745"]
[BlackFideId "34603700"]
[EventRounds "7"]
[EventType "team-swiss"]
[EventDate "2020.12.29"]

1. e4 {[%emt 0:00:14]} d5 {[%emt 0:00:05]} 2. exd5 {[%emt 0:00:12]} Qxd5 {
[%emt 0:00:04]} 3. d4 {[%emt 0:00:06]} Nc6 {[%emt 0:00:03]} 4. Nf3 {[%emt 0:00:
03]} Bg4 {[%emt 0:00:06]} 5. Be2 {[%emt 0:00:18]} Nf6 {[%emt 0:00:56]} 6. c3 {
[%emt 0:00:07]} e6 {[%emt 0:00:41]} 7. Bf4 {[%emt 0:00:07]} Qd7 {[%emt 0:00:51]
} 8. Nbd2 {[%emt 0:00:05]} Bd6 {[%emt 0:00:07]} 9. Bxd6 {[%emt 0:00:05]} Qxd6 {
[%emt 0:00:04]} 10. Nc4 {[%emt 0:00:16]} Qd7 {[%emt 0:00:18]} 11. Nce5 { [%emt
0:00:13]} Nxe5 {[%emt 0:00:11]} 12. Nxe5 {[%emt 0:00:05]} Bxe2 {[%emt 0:
00:33]} 13. Qxe2 {[%emt 0:00:08]} Qd5 {[%emt 0:00:31]} 14. O-O {[%emt 0:00:08]}
O-O-O {[%emt 0:00:31]} 15. Nxf7 {[%emt 0:00:08]} Rdf8 {[%emt 0:00:06]} 16. Nxh8
{[%emt 0:00:12]} Rxh8 {[%emt 0:00:04]} 17. a3 {[%emt 0:00:08]} h5 {[%emt 0:00:
15]} 18. Rae1 {[%emt 0:00:05]} Kd7 {[%emt 0:00:22]} 19. f4 {[%emt 0:00:31]} h4
{[%emt 0:00:37]} 20. h3 {[%emt 0:00:04]} Nh5 {[%emt 0:00:20]} 21. Qe5 {[%emt 0:
00:15]} Qc6 {[%emt 0:01:03]} 22. f5 {[%emt 0:00:24]} Rh6 {[%emt 0:01:20]} 23.
fxe6+ {[%emt 0:00:06]} Qxe6 {[%emt 0:00:31]} 24. Qxe6+ {[%emt 0:00:10]} Rxe6 {
[%emt 0:00:03]} 25. Rf7+ {[%emt 0:00:04]} Kd6 {[%emt 0:00:10]} 26. Rxe6+ {
[%emt 0:00:04]} Kxe6 {[%emt 0:00:02]} 27. Rxc7 {[%emt 0:00:03]} Nf4 {[%emt 0:
00:22]} 28. Rxb7 {[%emt 0:00:12]} a5 {[%emt 0:00:16]} 29. Rxg7 {[%emt 0:00:13]}
Nd3 {[%emt 0:00:16]} 30. Rb7 {[%emt 0:00:14]} Kd6 {[%emt 0:00:06]} 31. Kf1 {
[%emt 0:00:07]} Kc6 {[%emt 0:00:03]} 32. Rb3 {[%emt 0:00:13]} Kd5 {[%emt 0:00:
02]} 33. a4 {[%emt 0:00:08]} Kc4 {[%emt 0:00:02]} 34. Rb5 {[%emt 0:00:03]} Nf4
{[%emt 0:00:03]} 35. Kf2 {[%emt 0:00:04]} Nd3+ {[%emt 0:00:02]} 36. Kf3 { [%emt
0:00:05]} Ne1+ {[%emt 0:00:01]} 37. Kg4 {[%emt 0:00:03]} Nxg2 {[%emt 0: 00:01]}
38. Rxa5 {[%emt 0:00:06]} Ne3+ {[%emt 0:00:01]} 39. Kxh4 {[%emt 0:00: 05]} Nd1
{[%emt 0:00:02]} 40. Rb5 {[%emt 0:00:05]} Nxb2 {[%emt 0:00:02]} 41. Rxb2 {[%emt
0:00:04]} Kxc3 {[%emt 0:00:00]} 42. Rb5 {[%emt 0:00:03]} Kc4 { [%emt 0:00:01]}
43. d5 {[%emt 0:00:03]} Kd4 {[%emt 0:00:03]} 44. d6 {[%emt 0: 00:01]} Ke4
{[%emt 0:00:02]} 45. d7 {[%emt 0:00:02]} Kd4 {[%emt 0:00:02]} 46. d8=Q+ {[%emt
0:00:02]} Kc4 {[%emt 0:00:01]} 47. Qc7+ {[%emt 0:00:02]} Kd4 { [%emt 0:00:01]}
48. Qd6+ {[%emt 0:00:01]} Ke4 {[%emt 0:00:02]} 49. Re5+ { [%emt 0:00:02]} Kf3
{[%emt 0:00:04]} 50. Qf6+ {[%emt 0:00:00]} Kg2 {[%emt 0:00: 01]} 51. Rg5+
{[%emt 0:00:01]} Kh1 {[%emt 0:00:03]} 52. Qf3+ {[%emt 0:00:01]} Kh2 {[%emt
0:00:02]} 53. Qg2# {[%emt 0:00:00]} 1-0